| 000 | 00394nam a22001697a 4500 | ||
|---|---|---|---|
| 003 | OSt | ||
| 005 | 20210929111554.0 | ||
| 008 | 210929b |||||||| |||| 00| 0 eng d | ||
| 020 | _a0863770304 | ||
| 040 | _cHU | ||
| 082 | _a153.4/AIT | ||
| 100 |
_aA.M.AITKENHEAD _97973 |
||
| 245 | _aISSUES IN COGNTIVE MODELING | ||
| 260 |
_aNEW JERSEY _bLEA _c1985 |
||
| 300 | _a349P | ||
| 942 |
_2ddc _cBOOKS _n0 |
||
| 999 |
_c7450 _d7450 |
||